LEADER 03670nam 2200613Ia 450 001 9910142483703321 005 20170815115000.0 010 $a1-280-26983-9 010 $a9786610269839 010 $a0-470-85168-6 010 $a0-470-84640-2 035 $a(CKB)111056485603272 035 $a(EBL)141637 035 $a(OCoLC)54060880 035 $a(SSID)ssj0000181238 035 $a(PQKBManifestationID)11181620 035 $a(PQKBTitleCode)TC0000181238 035 $a(PQKBWorkID)10158432 035 $a(PQKB)10830760 035 $a(MiAaPQ)EBC141637 035 $a(EXLCZ)99111056485603272 100 $a20010309d2001 uy 0 101 0 $aeng 135 $aur|n|---||||| 181 $ctxt 182 $cc 183 $acr 200 00$aInternational handbook of clinical hypnosis$b[electronic resource] /$fedited by Graham D. Burrows, Robb O. Stanley, Peter B. Bloom 210 $aChichester ;$aToronto $cWiley$dc2001 215 $a1 online resource (367 p.) 300 $aDescription based upon print version of record. 311 $a0-471-97009-3 320 $aIncludes bibliographical references and index. 327 $aInternational Handbook of Clinical Hypnosis; Contents; List of Contributors; Preface; PART I THE NATURE OF HYPNOSIS; 1 Introduction to Clinical Hypnosis and the Hypnotic Phenomena; 2 Training in Hypnosis; PART II GENERAL CLINICAL CONSIDERATIONS; 3 Patient Selection: Assessment and Preparation, Indications and Contraindications; 4 Memory and Hypnosis-General Considerations; 5 Neuropsychophysiology of Hypnosis: Towards an Understanding of How Hypnotic Interventions Work; PART III THE PSYCHOTHERAPIES; 6 Injunctive Communication and Relational Dynamics: An Interactional Perspective 327 $aPART IV SPECIFIC DISORDERS AND APPLICATIONS7 Hypnosis and Recovered Memory: Evidence-Based Practice; 8 Hypnosis in the Management of Stress and Anxiety Disorders; 9 Hypnosis and Depression; 10 Hypnosis, Dissociation and Trauma; 11 Conversion Disorders; 12 Personality and Psychotic Disorders; 13 Dissociative Disorders; 14 Eating Disorders-Anorexia and Bulimia; 15 Hypnotherapy in Obesity; 16 Hypnotic Interventions in the Treatment of Sexual Dysfunctions; 17 Hypnosis in Chronic Pain Management; 18 Hypnosis and Pain; 19 The Use of Hypnosis in the Treatment of Burn Patients 327 $a20 Hypnosis in Dentistry21 Dental Anxiety Disorders, Phobias and Hypnotizability; 22 Applications of Clinical Hypnosis with Children; 23 The Negative Consequences of Hypnosis Inappropriately or Ineptly Applied; Index 330 $aClinical Hypnosis has proved successful in a variety of clinical situations. This handbook, with its practical approach, covers both the scientific and clinical aspects of hypnosis providing information on a range of available psychological and physical treatments. * Explains how to learn and apply hypnosis in clinical situations * World renowned editors * Comprehensive coverage of relevant issues This title will be invaluable to practising psychiatrists, clinical psychologists, medical hypnotists and mental health care workers. 606 $aHypnotism$xTherapeutic use 606 $aHypnotism 608 $aElectronic books. 615 0$aHypnotism$xTherapeutic use. 615 0$aHypnotism. 676 $a615.8512 676 $a616.89/162 701 $aBloom$b Peter B$0857162 701 $aBurrows$b Graham D$0857163 701 $aStanley$b Robb$0857164 801 0$bMiAaPQ 801 1$bMiAaPQ 801 2$bMiAaPQ 906 $aBOOK 912 $a9910142483703321 996 $aInternational handbook of clinical hypnosis$91913988 997 $aUNINA LEADER 04347nam 2200661 450 001 9910826039203321 005 20230810000411.0 010 $a1-4744-2315-9 010 $a1-4744-0867-2 010 $a0-7486-9595-8 024 7 $a10.1515/9780748695959 035 $a(CKB)3710000000453408 035 $a(SSID)ssj0001515275 035 $a(PQKBManifestationID)12590805 035 $a(PQKBTitleCode)TC0001515275 035 $a(PQKBWorkID)11480579 035 $a(PQKB)10009141 035 $a(UkCbUP)CR9780748695959 035 $a(StDuBDS)EDZ0001665531 035 $a(MiAaPQ)EBC6995425 035 $a(Au-PeEL)EBL6995425 035 $a(DE-B1597)616939 035 $a(DE-B1597)9780748695959 035 $a(OCoLC)1322124603 035 $a(EXLCZ)993710000000453408 100 $a20220928d2017 uy 0 101 0 $aeng 135 $aur||||||||||| 181 $ctxt$2rdacontent 182 $cc$2rdamedia 183 $acr$2rdacarrier 200 12$aA feminine enlightenment $eBritish women writers and the philosophy of progress, 1759-1820 /$fJoEllen DeLucia 210 1$aEdinburgh :$cEdinburgh University Press,$d[2017] 210 4$dİ2017 215 $a1 online resource (viii, 208 pages) $cdigital, PDF file(s) 225 1 $aEdinburgh critical studies in romanticism 300 $aTitle from publisher's bibliographic system (viewed on 08 Aug 2016). 311 $a0-7486-9594-X 320 $aIncludes bibliographical references (pages 193-201) and index. 327 $aIntroduction: A feminine enlightenment? -- The progress of feeling: The Ossian poems and Adam Smith's Theory of Moral Sentiments -- Ossiania history and Bluestocking feminism -- Queering progress: Anna Seward and Llangollen Vale -- Poetry, paratext, and history in Radcliffe's gothic -- Stadial fiction or the progress of taste -- Epilogue: Women writers in the age of Ossian. 330 $aDrawing on original archival research, A Feminine Enlightenment argues that women writers shaped Enlightenment conversations regarding the role of sentiment and gender in the civilizing process. By reading women's literature alongside history and philosophy and moving between the eighteenth century and Romantic era, JoEllen DeLucia challenges conventional historical and generic boundaries. Beginning with Adam Smith's Theory of Moral Sentiments (1759), she tracks discussions of 'women's progress' from the rarified atmosphere of mid-eighteenth-century Bluestocking salons and the masculine domain of the Scottish university system to the popular Minerva Press novels of the early nineteenth century. Ultimately, this study positions feminine genres such as the Gothic romance and Bluestocking poetry, usually seen as outliers in a masculine Age of Reason, as essential to understanding emotion's role in Enlightenment narratives of progress. The effect of this study is twofold: to show how developments in women's literature reflected and engaged with Enlightenment discussions of emotion, sentiment, and commercial and imperial expansion; and to provide new literary and historical contexts for contemporary conversations that continue to use 'women's progress' to assign cultures and societies around the globe a place in universalizing schemas of development. Key Features: * Establishes the centrality of gender to Enlightenment discussions of social and historical development * Uncovers evidence of women writers' participation in the Scottish Enlightenment's theorization of sentiment and historical progress *Provides literary and historical background for ongoing discussions of the history of emotion and the study of affect 410 0$aEdinburgh critical studies in romanticism. 606 $aEnglish literature$xWomen authors$xHistory and criticism 606 $aEnglish literature 606 $aEnglish literature$y18th century$xHistory and criticism 615 0$aEnglish literature$xWomen authors$xHistory and criticism. 615 0$aEnglish literature. 615 0$aEnglish literature$xHistory and criticism. 676 $a820.9928709033 686 $aHG 260$qBVB$2rvk 700 $aDeLucia$b JoEllen$01709088 801 0$bMiAaPQ 801 1$bMiAaPQ 801 2$bMiAaPQ 906 $aBOOK 912 $a9910826039203321 996 $aA feminine enlightenment$94098549 997 $aUNINA